000 02724nam a2200241Ia 4500
003 Ost
005 20260507075312.0
008 260507s9999||||xx |||||||||||||| ||und||
020 _a9957324969
040 _cfsecg
041 _aara
082 _a346.5680668
100 _aالمولى، بشرى خالد تركي
_eمؤلف
245 0 _aالتزامات المساهم في الشركة المساهمة :
_bدراسة مقارنة /
_c بشرى خالد تركي المولى
260 _aعمان:
_bدار الحامد للنشر والتوزيع,
_c2010
300 _a162 صفحة؛
_bإيضاحات ؛
_c25 سم
504 _aببليوغرافيا: ص.151-162
520 _aالمقدمة-الفصل التمهيدي : مفهوم المساهم وبيان مركزه القانون : المطلب الأول : مفهوم المساهم : المطلب الثاني : بيان المركز القانون للمساهم-الفصل الأول : الالتزامات المالية المفروضة على المساهمين : المبحث الأول : الالتزام بوفاء قيمة الأسهم النقدية : المطلب الأول : تعريف السهم النقدي والوفاء الجزئي لقيمته : المطلب الثاني : تسديد الاقساط الباقية من قيمة السهم : المبحث الثالث : جزاء الإخلال بالوفاء بالاقساط المستحقة : المبحث الثاني : الالتزامات المالية الأخرى : المطلب الأول : الالتزام بدفع قيمة الأسهم العينية : المطلب الثاني : الالتزام بتحمل الخسارة-الفصل الثالث : الالتزامات الإدارية المفروضة على المساهمين : المبحث الأول : الالتزام بالمحافظة على مصلحة الشركة وأسرارها : المطلب الأول : المركز القانوني لرئيس وأعضاء مجلس الإدارة : المطلب الثاني : الالتزام بالمحتفظة على المعلومات السرية للشركة : المبحث الثاني : التزام المساهمين بالخضوع لقرارات الهيئة العامة : المطلب الأول : المفهوم القانوني لأقلية المساهميين : المطلب الثاني : الأساس القانوني لخضوع مساهمي الأقلية لقرارات الأغلبية : المطلب الثالث : ضمانات مساهمي الأقلية فى مواجهة قرارات الأغلبية-الخاتمة.
653 _aالأسهم
653 _aالشركات
653 _aالشركات المساهمة
942 _cكتاب
999 _c43873
_d43873